| 000 | 00537 a2200169 4500 | ||
|---|---|---|---|
| 020 | _a0748406603 | ||
| 020 | _a9780748406609 | ||
| 082 | 0 | 4 | _a530.41 |
| 090 |
_c650 _d650 |
||
| 100 | 1 | _aMyers, H.P. | |
| 245 | 1 | 0 |
_aIntroductory solid state physics, second edition / _cH.P. Myers. |
| 250 | _a2nd ed. | ||
| 260 |
_a[S.l.] : _bCRC Press, _c1998 |
||
| 300 |
_a536 p. ; _c25 cm. |
||
| 942 |
_aSNS _cBK _k530.41 MYE |
||
| 999 |
_c29280 _d29280 |
||